<?xml version="1.0" encoding="UTF-8"?>
<collection xmlns="http://www.loc.gov/MARC21/slim">
  <record>
    <leader>00000nam  2200000   4500</leader>
    <controlfield tag="001">INLIS000000000011360</controlfield>
    <controlfield tag="005">20211119104422</controlfield>
    <datafield tag="035" ind1="#" ind2="#">
      <subfield code="a">0010-1121000102</subfield>
    </datafield>
    <controlfield tag="007">ta</controlfield>
    <controlfield tag="008">211119################|##########|#|##</controlfield>
    <datafield tag="082" ind1="#" ind2="#">
      <subfield code="a">R. 05.2_2021.0038</subfield>
    </datafield>
    <datafield tag="084" ind1="#" ind2="#">
      <subfield code="a">R. 05.2_2021.0038 WAR m</subfield>
    </datafield>
    <datafield tag="100" ind1=" " ind2="#">
      <subfield code="a">Warni, A.Md.Keb</subfield>
    </datafield>
    <datafield tag="245" ind1="1" ind2="#">
      <subfield code="a">Menanti Kabar Kesehatan Doi :</subfield>
      <subfield code="b">Menanti Kabar Kesehatan Doi /</subfield>
      <subfield code="c">Warni, A.Md.Keb</subfield>
    </datafield>
    <datafield tag="250" ind1="#" ind2="#">
      <subfield code="a">1</subfield>
    </datafield>
    <datafield tag="260" ind1="#" ind2="#">
      <subfield code="a">Makassar :</subfield>
      <subfield code="b">Puslatbang KMP LAN,</subfield>
      <subfield code="c">2021</subfield>
    </datafield>
    <datafield tag="300" ind1="#" ind2="#">
      <subfield code="a">67 ;</subfield>
      <subfield code="c">21x15</subfield>
    </datafield>
    <datafield tag="700" ind1=" " ind2="#">
      <subfield code="a">Mentor: Arifuddin, SKM.M.Kes &amp; Coach: dr. Rachmawati</subfield>
    </datafield>
    <datafield tag="856" ind1="#" ind2="#">
      <subfield code="a">Puslatbang KMP LAN RI Makassar</subfield>
    </datafield>
  </record>
</collection>
